| 000 | 01530cam a2200349 a 4500 | ||
|---|---|---|---|
| 001 | EDZ0000063585 | ||
| 003 | StDuBDS | ||
| 005 | 20161031105103.0 | ||
| 006 | m||||||||d|||||||| | ||
| 007 | cr ||||||||||| | ||
| 008 | 120315s2003 caua fo| 001|0|eng|d | ||
| 020 |
_a9781452229638 (ebook) : _cNo price |
||
| 040 |
_aStDuBDS _beng _cStDuBDS _epn |
||
| 049 | _aAlfaisal Main Library | ||
| 050 | 0 |
_aRC480.5 _b.M365 2003 |
|
| 082 | 0 | 4 |
_a616.8914 _223 |
| 100 | 1 |
_aMeier, Scott T., _d1955- |
|
| 245 | 1 | 0 |
_aBridging case conceptualization, assessment, and intervention _h[electronic resource] / _cScott T. Meier. |
| 260 |
_aThousand Oaks, Calif. ; _aLondon : _bSage Publications, _cc2003. |
||
| 300 |
_a1 online resource (xi, 191 p.) : _bill. |
||
| 520 | 8 | _aAttempts to link basic science with clinical practice in mental health have not been very successful, admits Meier. He tries a new approach that makes the thoughts, decisions, and judgements of clinicians explicit and uses them both to support and to question their work. | |
| 521 | _aSpecialized. | ||
| 588 | _aDescription based on print version record. | ||
| 504 | _aIncludes bibliographical references and index. | ||
| 650 | 0 | _aPsychotherapy. | |
| 650 | 0 |
_aPsychotherapy _xEvaluation. |
|
| 655 | 7 |
_aElectronic books. _2local |
|
| 710 | 2 | _aSage eBooks | |
| 776 | 0 | 8 |
_iPrint version : _z9780761923688 |
| 856 | 4 | 0 | _uhttp://ezproxy.alfaisal.edu/login?url=http://sk.sagepub.com/books/bridging-case-conceptualization-assessment-and-intervention |
| 942 |
_2lcc _cEBOOKS |
||
| 999 |
_c479092 _d479092 |
||